000 01987cam a22005054i 4500
003 PE-LiUPU
005 20250731173112.0
008 150623s2001 sp rb 000 0 spa d
020 _a8471519119
035 _a(Sirsi) i9788471519115
040 _aPE-LiUPU
_bspa
_cPE-LiUPU
_erda
049 _aPRUA
082 0 4 _a220.7
_bT79
_221
100 1 _aTrevijano Etcheverría, Ramón,
_eautor.
245 1 3 _aLa Biblia en el cristianismo antiguo :
_bPrenicenos. Gnósticos. Apócrifos /
_cRamón Trevijano Etchevarría.
264 1 _aNavarra, España :
_bEditorial Verbo Divino,
_c2001.
300 _a488 páginas ;
_c23 centímetros.
336 _atext
_2rdacontent
337 _aunmediated
_2rdamedia
338 _avolume
_2rdacarrier
490 1 _aIntroducción al Estudio de la Biblia
504 _aIncluye bibliografía.
505 0 _aExégesis prenicena -- Gnósticos -- Apócrifos del Nuevo Testamento.
526 _aSEG42
526 _aSEG41
526 _aSEG40
526 _aSEG39
526 _aP94
526 _aP87
526 _aP86
526 _aP85
526 _aP77
526 _aP76
526 _aP35
630 _aBiblia
_xCrítica e interpretación
_ySiglo I-VI.
942 _2ddc
_cBOOK
949 _a220.7 T79 10
_wDEWEY
_c1
_i59250
_lCCODEBUL1
_mBUL
_r0
_sY
_tBOOK
_u2015-6-24
_xTEOLOGIA
_PP35
_0COMPRA
_o.STAFF. Colección Teología
949 _a220.7 T79
_wDEWEY
_c2
_i49540
_lCCODEBUL1
_mBUL
_r0
_sY
_tBOOK
_u2015-6-24
_xTEOLOGIA
_PP35
_0COMPRA
_o.STAFF. Colección Teología
994 _aC0
_bPEPRU
596 _a1
999 _a220.7 T79 10
_wDEWEY
_c30674
_i59250
_d30674
_f2021-11-9
_g5
_lCCODEBUL1
_mBUL
_p20.00
_q1
_r0
_sY
_tBOOK
_u2015-6-24
_xTEOLOGIA
_PP35
_0COMPRA
_o.STAFF. Colección Teología
999 _a220.7 T79
_wDEWEY
_c2
_i49540
_f2021-11-9
_g5
_lCCODEBUL1
_mBUL
_p20.00
_r0
_sY
_tBOOK
_u2015-6-24
_xTEOLOGIA
_PP35
_0COMPRA
_o.STAFF. Colección Teología
980 _81
_gALBERTO SANCHEZ Responsable de Automatización